Conocimiento, educacion superior y sociedad en america latina /
Guardado en:
| Autor Principal: | |
|---|---|
| Formato: | Libro |
| Publicado: |
Caracas :
Nueva Sociedad,
1996
|
| Series: | Centro De Estudios Del Desarro
|
| Materias: | |
| Etiquetas: |
Agregar Etiqueta
Sin Etiquetas, Sea el primero en etiquetar este registro!
|
| LEADER | 00701nam a22002055a 4500 | ||
|---|---|---|---|
| 001 | EHU.bham024808 | ||
| 003 | AR-BHAM | ||
| 005 | 20130508102226.0 | ||
| 008 | 130507s1996##################000#0#####d | ||
| 082 | 3 | 7 | |a 378.8 |
| 100 | 1 | |a Garcia Guadilla, Carmen | |
| 245 | 1 | 0 | |a Conocimiento, educacion superior y sociedad en america latina / |c Carmen Garcia Guadilla |
| 260 | |a Caracas : |b Nueva Sociedad, |c 1996 | ||
| 300 | |a 165 p. | ||
| 490 | 0 | |a Centro De Estudios Del Desarro | |
| 653 | |a Educacion superior | ||
| 653 | |a Universidad | ||
| 653 | |a Educacion universitaria | ||
| 859 | |a AR-BHAM |b BIB. HUMANIDADES - General |h 378.8 |i G165 |p 347.03 |t Ej.1 | ||
| 859 | |a AR-BHAM |b BIB. HUMANIDADES - General |h 378.8 |i G165 |p 526.02 |t Ej.1 | ||
